000 00776nam a22002297a 4500
999 _c4835
_d4835
003 AR-CdUCM
008 190311b ||||| |||| 00| 0 spa d
040 _aMUNICIPALIDAD PROVINCIAL DEL CUSCO
_cBIBLIOTECA MUNICIPAL DEL CUSCO
082 _a869.624 /
_bR696
100 _aRodriguez Castelo, Hernan
_914691
245 _aCuento ecuatoriano contemporáneo /
260 _aQuito :
_bAriel.
300 _a165 páginas ;
_c17 cm.
500 _aDonación familia Luis Nieto
505 _aContenido: Krelko -- Los testigos -- Angela -- El desquite -- La marcha de los batracios -- el espia...
650 _aCuentos ecuatorianos
_912998
650 _aNarrativa
_967
650 _aSiglo XX
_98
700 _aRivas Mariscal, Tomás
_914694
942 _2ddc
_cLIBROS
945 _adavv